Viu el Parc! : tardor / tardor /
Publicado:
[Barcelona] :
Diputació de Barcelona, Servei de Parcs Naturals, Oficina de Difusió Artística ,
1999
Descripción Física:
Fulletons : il·lustracions ; 21 cm
Colección:
Viu el Parc!
Materias:
Parc del Montnegre i el Corredor (Catalunya)
; Parc del Montnegre i el Corredor (Catalunya) -- Activitats culturals
Idioma:
Catalán
MARC
| LEADER | 00000nam a2200000Ia 4500 | ||
|---|---|---|---|
| 001 | 15118, 15119, 15120, 15121, 15676, 16721, 22175, 23050, 23306, 23711, 23981, 24990, 25496, 25681, 25759, 25932, 25949, 26216 | ||
| 003 | Arxiu | ||
| 005 | 20260324181054.0 | ||
| 008 | 160829s1999 - xx 000 0 cat d | ||
| 017 | |a DL B 17971-2017 | ||
| 017 | |a DL B 17974-2018 | ||
| 017 | |a DL B 16415-2016 | ||
| 017 | |a DL B 20552-2019 | ||
| 017 | |a DL B 18577-2014 | ||
| 017 | |a DL B 24302-2012 | ||
| 040 | |a AGDB | ||
| 041 | |a cat | ||
| 080 | |a FU-34-11, FU-34-12, FU-34-13, FU-34-14, FU-38-35, FU-45-41, FU-49-85, FU-59-17, FU-59-95, FU-62-8, FU-62-120, FU-67-88 | ||
| 080 | |a FU-69-9 | ||
| 080 | |a FU-69-73 | ||
| 080 | |a FU-70-60 | ||
| 080 | |a FU-70-69 | ||
| 080 | |a FU-62-8 | ||
| 080 | |a FU-62-120 | ||
| 110 | 2 | |9 10204 |a Parc del Montnegre i el Corredor (Catalunya) | |
| 245 | 1 | 0 | |a Viu el Parc! : |b tardor / |c Parc del Montnegre i el Corredor |
| 260 | |a [Barcelona] : |b Diputació de Barcelona, Servei de Parcs Naturals, Oficina de Difusió Artística, |c 1999- | ||
| 300 | |a Fulletons : |b il·lustracions ; |c 21 cm | ||
| 310 | |a Anual | ||
| 362 | |a 9a edició (2004)- | ||
| 490 | 1 | |a Viu el Parc! | |
| 500 | |a A partir de 2010: Àrea d'Espais Naturals, Xarxa de Parcs Naturals | ||
| 610 | 0 | |a Parc del Montnegre i el Corredor (Catalunya) |9 10204 | |
| 610 | 2 | 0 | |a Parc del Montnegre i el Corredor (Catalunya) |x Activitats culturals |9 52939 |
| 710 | 1 | |a Barcelona (Catalunya : Província). |b Xarxa de Parcs Naturals |9 7250 | |
| 710 | 1 | |a Barcelona (Catalunya : Província). |b Oficina de Difusió Artística |9 52669 | |
| 710 | 1 | |9 52730 |a Barcelona (Catalunya : Província). |b Gerència de Serveis d’Espais Naturals | |
| 710 | |a Barcelona (Catalunya : Província). |b Àrea d'Espais Naturals |9 9050 | ||
| 830 | 0 | |9 55831 |a Viu el Parc! | |
| 866 | |a 1999-2004 | ||
| 866 | |a 2009-2019 | ||
| 901 | |a Arxiu | ||
| 942 | |2 udc |c ARXIU |n 1 | ||
| 952 | |0 0 |1 0 |4 0 |7 1 |9 55101 |a Arxiu |b Arxiu |d 2016-12-01 |h 9a edició (2004) |o FU-45-41 |p 16721 |r 2016-12-01 00:00:00 |w 2016-12-01 |y ARXIU | ||
| 952 | |0 0 |1 0 |4 0 |7 1 |9 56087 |a Arxiu |b Arxiu |d 2023-04-04 |h 18a edició (2013) |o FU-62-120 |p 23981 |r 2016-12-01 00:00:00 |w 2016-12-01 |y ARXIU | ||
| 952 | |0 0 |1 0 |4 0 |7 1 |9 56094 |a Arxiu |b Arxiu |d 2023-04-04 |h 17a edició (2012) |o FU-62-8 |p 23711 |r 2016-12-01 00:00:00 |w 2016-12-01 |y ARXIU | ||
| 952 | |0 0 |1 0 |4 0 |7 1 |9 61706 |a Arxiu |b Arxiu |d 2022-05-17 |h 22a edició (2017) |o FU-69-9 |p 25496 |r 2022-05-17 00:00:00 |w 2022-05-17 |y ARXIU | ||
| 952 | |0 0 |1 0 |4 0 |6 FU6789 |7 1 |9 62076 |a Arxiu |b Arxiu |d 2022-05-27 |h 23a edició (2018) |o FU-67-89 |p 24990 |r 2022-05-27 00:00:00 |w 2022-05-27 |y ARXIU | ||
| 952 | |0 0 |1 0 |4 0 |6 FU7016 |7 1 |9 62150 |a Arxiu |b Arxiu |d 2022-06-02 |h 20a edició (2015) |o FU-70-16 |p 25759 |r 2022-06-02 00:00:00 |w 2022-06-02 |y ARXIU | ||
| 952 | |0 0 |1 0 |4 0 |7 1 |9 62397 |a Arxiu |b Arxiu |d 2022-06-15 |h 21a edició (2016) |o FU-70-60 |p 25932 |r 2022-06-15 00:00:00 |w 2022-06-15 |y ARXIU | ||
| 952 | |0 0 |1 0 |4 0 |6 FU7069 |7 1 |9 62414 |a Arxiu |b Arxiu |d 2022-06-15 |h 24a edició (2019) |l 0 |o FU-70-69 |p 25949 |r 2022-06-15 00:00:00 |w 2022-06-15 |y ARXIU | ||
| 952 | |0 0 |1 0 |4 0 |6 FU726 |7 1 |9 62731 |a Arxiu |b Arxiu |d 2022-07-11 |h 19a edició (2014) |l 0 |o FU-72-6 |p 26216 |r 2022-07-11 00:00:00 |w 2022-07-11 |y ARXIU | ||
| 952 | |0 0 |1 0 |4 0 |6 FU5917 |7 1 |9 65423 |a Arxiu |b Arxiu |d 2023-03-01 |h 15a edició (2010) |l 0 |o FU-59-17 |p 23050 |r 2023-03-01 00:00:00 |w 2023-03-01 |y ARXIU | ||
| 952 | |0 0 |1 0 |4 0 |6 FU5995 |7 1 |9 65432 |a Arxiu |b Arxiu |d 2023-03-01 |h 16a edició (2011) |l 0 |o FU-59-95 |p 23306 |r 2023-03-01 00:00:00 |w 2023-03-01 |y ARXIU | ||
| 952 | |0 0 |1 0 |4 0 |6 FU4985 |7 1 |9 65433 |a Arxiu |b Arxiu |d 2023-03-01 |h 14a edició (2009) |l 0 |o FU-49-85 |p 22175 |r 2023-03-01 00:00:00 |w 2023-03-01 |y ARXIU | ||
| 952 | |0 0 |1 0 |4 0 |6 FU3411 |7 1 |9 65492 |a Arxiu |b Arxiu |d 2023-03-07 |h 4a edició (1999) |l 0 |o FU-34-11 |p 15118 |r 2023-03-07 00:00:00 |w 2023-03-07 |y ARXIU | ||
| 952 | |0 0 |1 0 |4 0 |6 FU3412 |7 1 |9 65493 |a Arxiu |b Arxiu |d 2023-03-07 |h 5a edició (2000) |l 0 |o FU-34-12 |p 15119 |r 2023-03-07 00:00:00 |w 2023-03-07 |y ARXIU | ||
| 952 | |0 0 |1 0 |4 0 |6 FU3413 |7 1 |9 65494 |a Arxiu |b Arxiu |d 2023-03-07 |h 6a edició (2001) |l 0 |o FU-34-13 |p 15120 |r 2023-03-07 00:00:00 |w 2023-03-07 |y ARXIU | ||
| 952 | |0 0 |1 0 |4 0 |6 FU3414 |7 1 |9 65495 |a Arxiu |b Arxiu |d 2023-03-07 |h 7a edició (2002) |l 0 |o FU-34-14 |p 15121 |r 2023-03-07 00:00:00 |w 2023-03-07 |y ARXIU | ||
| 952 | |0 0 |1 0 |4 0 |6 FU3835 |7 1 |9 65953 |a Arxiu |b Arxiu |d 2023-04-04 |h 8a edició (2003) |l 0 |o FU-38-35 |p 15676 |r 2023-04-04 00:00:00 |w 2023-04-04 |y ARXIU | ||
| 999 | |c 58973 |d 58973 | ||